Sputtering by particle bombardment 1 : Physical sputtering of single -element solids /
Salvato in:
| Altri autori: | |
|---|---|
| Natura: | Libro |
| Lingua: | inglese |
| Pubblicazione: |
Berlin :
Springer Verlag,
1981
|
| Soggetti: | |
| Tags: |
Nessun Tag, puoi essere il primo ad aggiungerne!!
|
MARC
| LEADER | 00000nam a22000003a 4500 | ||
|---|---|---|---|
| 001 | stu93077 | ||
| 005 | 20150617225616.9 | ||
| 008 | 050302s1981------------------------eng-d | ||
| 040 | |a STU |b slo | ||
| 041 | 0 | |a eng | |
| 080 | |a 539.2 | ||
| 100 | 1 | |a Behrisch, R. |4 com | |
| 245 | 1 | |a Sputtering by particle bombardment 1 : |b Physical sputtering of single -element solids / |c Ed.: Behrich, R. | |
| 260 | |a Berlin : |b Springer Verlag, |c 1981 | ||
| 300 | |a 10, 281 s | ||
| 650 | 7 | |a molekulárne vlastnosti |2 stusub | |
| 996 | |b E49049 |c E*49049 |l EE11 |s P |a 0 |w stu93077_0001 | ||